LEADER 01022nam a2200217 i 4500 001 000000033455 003 CaOOAMICUS 005 20180830125450.0 008 180830s1940 xxk u000 u und u 040 $aSeMil$bita 100 1 $aBartók, Béla <1881-1945>.$0(OLS)http://semarc/name/2766 245 10$aMikrokosmos :$b153 progressive piano pieces = 153 peças progressivas para piano = 153 piezas progresivas para piano /$cBéla Bartók. 260 $aLondon ; New York ; Berlin :$bBoosey & Hawkes,$c1940. 300 $av. ;$c31 cm. 774 0 $tNos. 1-36.$bNew definitive edition.$g1$w()134637 774 0 $tNos. 37-66.$bNew definitive edition.$g2$w()251432 774 0 $tVol. 3.$g3$w()251433 774 0 $tVol. 4.$g4$w()251434 774 0 $tVol. 5.$g5$w()251435 996 $6245$aMikrokosmos :$b153 progressive piano pieces = 153 peças progressivas para piano = 153 piezas progresivas para piano$9(OLS)http://semarc/title/45268 996 $6260$aLondon ; New York ; Berlin :$bBoosey & Hawkes$9(OLS)http://semarc/publisher/31277 LEADER 00956nam a2200217 i 4500 001 000000194393 003 CaOOAMICUS 005 20101112000000.0 008 101112s1986 it u000 u ita u 013 $a173044 040 $aSeMil$bita 100 1 $aCrippa, Giampiero.$0(OLS)http://semarc/name/70631 245 10$a[Comunità e formazione integrale nel progetto educativo della Scuola Cattolica /$cSintesi del Convegno di Pallanza 1986 a cura di don Giampiero Crippa]. 260 $aMilano :$b[s.n.],$c1986. 300 $a23 p. ;$c21 cm. 650 4$aScuola cattolica - Educazione.$0(OLS)http://semarc/subject/17731 850 $aSeMil 852 $aSeMil$W1$xVenegono$y1$m5A XII 4/7$j144967$B144967$CSeMilBibl$Z2$F156392 $81 961 $aOmaggio: Altro 996 $6245$a[Comunità e formazione integrale nel progetto educativo della Scuola Cattolica$9(OLS)http://semarc/title/280289 996 $6260$aMilano :$b[s.n.]$9(OLS)http://semarc/publisher/29709